000 00623cab a2200229 4500
001 WB2615-39
008 090401t1990 xxu||||| |||| 00| 0 eng d
035 _a(Sirsi) u36062
041 _aeng
245 4 _aThe great branching out
260 _c1990
350 _a0
490 _aGuardian
_v6/4/90 p25 (2)
520 _aReports on Government proposals to plant forest s on derelict land on the edges of Britain`s towns and cities.
650 _aCOMMUNITY FORESTS
650 _aCONSERVATION
650 _aGREEN BELT
650 _aURBAN FRINGE
690 _aRURAL PRACTICE
942 _n0
948 _c04/03/1997
999 _c23551
_d23551